<?xml version="1.0" encoding="UTF-8"?>
<record
    xmlns:xsi="http://www.w3.org/2001/XMLSchema-instance"
    xsi:schemaLocation="http://www.loc.gov/MARC21/slim http://www.loc.gov/standards/marcxml/schema/MARC21slim.xsd"
    xmlns="http://www.loc.gov/MARC21/slim">

  <leader>02301nam a2200325 a 4500</leader>
  <controlfield tag="001">1638329</controlfield>
  <controlfield tag="003">OSt</controlfield>
  <controlfield tag="005">20210125091530.0</controlfield>
  <controlfield tag="008">191109s2019    sp a   gr     000 f spa d</controlfield>
  <datafield tag="020" ind1=" " ind2=" ">
    <subfield code="a">9788441541108</subfield>
  </datafield>
  <datafield tag="040" ind1=" " ind2=" ">
    <subfield code="a">CO-BoBLA </subfield>
    <subfield code="b">spa </subfield>
    <subfield code="c">CO-BoBLA</subfield>
  </datafield>
  <datafield tag="041" ind1="1" ind2=" ">
    <subfield code="a">spa </subfield>
    <subfield code="h">eng</subfield>
  </datafield>
  <datafield tag="043" ind1=" " ind2=" ">
    <subfield code="a">n-us---</subfield>
  </datafield>
  <datafield tag="082" ind1="0" ind2="4">
    <subfield code="a">JH</subfield>
    <subfield code="b">BERT</subfield>
  </datafield>
  <datafield tag="100" ind1="1" ind2=" ">
    <subfield code="a">Bertozzi, Nick.</subfield>
  </datafield>
  <datafield tag="245" ind1="1" ind2="0">
    <subfield code="a">C&#xF3;mo ser Andy Warhol / </subfield>
    <subfield code="c">Nick Bertozzi ; ilustrado por Pierce Hargan ; traductor Abilio Est&#xE9;vez.</subfield>
  </datafield>
  <datafield tag="250" ind1=" " ind2=" ">
    <subfield code="a">Editor Joan Hilty.</subfield>
  </datafield>
  <datafield tag="260" ind1=" " ind2=" ">
    <subfield code="a">Madrid : </subfield>
    <subfield code="b">Oberon : </subfield>
    <subfield code="b">Ediciones Anaya Multimedia, </subfield>
    <subfield code="c">2019.</subfield>
  </datafield>
  <datafield tag="300" ind1=" " ind2=" ">
    <subfield code="a">152 p&#xE1;ginas : </subfield>
    <subfield code="b">ilustraciones ; </subfield>
    <subfield code="c">25 cm.</subfield>
  </datafield>
  <datafield tag="500" ind1=" " ind2=" ">
    <subfield code="a">A principios de la decada de los sesenta, el ilustrador comercial Andy Warhol so&#xF1;aba con convertirse en un famoso pintor.

Trabaj&#xF3; incansablemente para entrar en la floreciente escena art&#xED;stica de las galer&#xED;as de Nueva York. Sin embargo, no parec&#xED;a que pudiera superar su estatus de inadaptado hasta que decidi&#xF3; rebasar los l&#xED;mites de la imaginaci&#xF3;n. Despues de numerosos fracasos en diferentes galer&#xED;as, Warhol consigui&#xF3; un encargo para la Feria Mundial de 1964, su &#xFA;nica obra de arte p&#xFA;blico. Su polemico mural 'Los trece hombres m&#xE1;s buscados' provoc&#xF3; una poderosa respuesta por parte de Robert Moses (planificador urbano), Philip Johnson (arquitecto) y Nelson Rockefeller (gobernador de Nueva York). El vendaval de cr&#xED;ticas oblig&#xF3; a Warhol a tomar una decisi&#xF3;n que podr&#xED;a haber impulsado o destruido su carrera. Gracias a su fuerte personalidad, su perseverancia y su pujante talento, pudo enfrentarse al 'establishment' y convertirse en uno de los artistas m&#xE1;s importantes e influyentes del siglo XX.

Esta es la historia de todo el recorrido de Warhol hasta llegar a ese momento decisivo de su vida, reconstruida con intensidad por el exitoso autor Nick Bertozzi y el gran artista Pierce Ha</subfield>
  </datafield>
  <datafield tag="534" ind1=" " ind2=" ">
    <subfield code="p">T&#xFFFD;tulo original : </subfield>
    <subfield code="t">Becoming Andy Warhol.</subfield>
  </datafield>
  <datafield tag="600" ind1="1" ind2="4">
    <subfield code="a">Warhol, Andy, </subfield>
    <subfield code="d">1928-1987</subfield>
    <subfield code="v"> Biograf&#xFFFD;as</subfield>
    <subfield code="v"> Novela gr&#xFFFD;fica.</subfield>
  </datafield>
  <datafield tag="650" ind1=" " ind2="4">
    <subfield code="a">Novela gr&#xFFFD;fica estadounidense.</subfield>
  </datafield>
  <datafield tag="650" ind1=" " ind2=" ">
    <subfield code="a">Tiras c&#xFFFD;micas, historietas, etc.</subfield>
  </datafield>
  <datafield tag="700" ind1="1" ind2=" ">
    <subfield code="a">Hargan, Pierce, </subfield>
    <subfield code="e">ilustrador.</subfield>
  </datafield>
  <datafield tag="700" ind1="1" ind2=" ">
    <subfield code="a">Est&#xFFFD;vez, Abilio, </subfield>
    <subfield code="d">1954-, </subfield>
    <subfield code="e">traductor.</subfield>
  </datafield>
  <datafield tag="700" ind1="1" ind2=" ">
    <subfield code="a">Hilty, Joan, </subfield>
    <subfield code="e">editor.</subfield>
  </datafield>
  <datafield tag="942" ind1=" " ind2=" ">
    <subfield code="2">ddc</subfield>
    <subfield code="c">BKLIT</subfield>
  </datafield>
  <datafield tag="949" ind1=" " ind2=" ">
    <subfield code="a">n     </subfield>
    <subfield code="b">n</subfield>
  </datafield>
  <datafield tag="999" ind1=" " ind2=" ">
    <subfield code="c">12811</subfield>
    <subfield code="d">12811</subfield>
  </datafield>
  <datafield tag="952" ind1=" " ind2=" ">
    <subfield code="0">0</subfield>
    <subfield code="1">0</subfield>
    <subfield code="2">ddc</subfield>
    <subfield code="4">0</subfield>
    <subfield code="7">0</subfield>
    <subfield code="8">LJ</subfield>
    <subfield code="a">BPMOS</subfield>
    <subfield code="b">BPMOS</subfield>
    <subfield code="d">2021-01-25</subfield>
    <subfield code="e">Compra</subfield>
    <subfield code="i">nt</subfield>
    <subfield code="l">6</subfield>
    <subfield code="m">5</subfield>
    <subfield code="o">NG BERT</subfield>
    <subfield code="p">MOS500484</subfield>
    <subfield code="r">2023-09-13</subfield>
    <subfield code="s">2022-08-04</subfield>
    <subfield code="t">ej 1</subfield>
    <subfield code="w">2021-01-25</subfield>
    <subfield code="y">BKLIT</subfield>
    <subfield code="z">Quince dias</subfield>
  </datafield>
</record>
